| 000 | 01205nam a2200301 a 4500 | ||
|---|---|---|---|
| 003 | DO-SdBNP | ||
| 005 | 20240228142134.0 | ||
| 008 | 220824e2013 dr ao||gr|||| 001 ebspa d | ||
| 020 | _a9789945447903 | ||
| 040 |
_cDO-SdBNP _dspa _eBNPHU _aDO-SdBNP |
||
| 082 | 4 |
_222 _bA577d |
|
| 100 | 1 |
_aAndújar Persinal, Carlos, _d1956- _97737 |
|
| 245 | 1 | 0 |
_aDiálogos cruzados con la dominicanidad / _cCarlos Andújar; Prólogo, Odalis G. Pérez |
| 260 |
_aSanto Domingo : _bUniversitaria-UASD, _c2022 |
||
| 300 |
_a333 p. : _bil., ; _c22 cm. |
||
| 490 |
_aUniversidad Autónoma de Santo Domingo; _v1570 |
||
| 490 |
_aEstudios Sociales; _v36 |
||
| 500 | _aIncluye datos biográficos del autor en la solapa de la cubierta. | ||
| 650 | 4 |
_914357 _aAntropología Cultural _xRepública Dominicana |
|
| 650 | 4 |
_918873 _aFolklore _zRepública Dominicana |
|
| 650 | 4 |
_932997 _aCultura Popular _zRepública Dominicana |
|
| 650 | 4 |
_930841 _aIdentidad Cultural _xEnsayos, Conferencias, etc. _zRepública Dominicana |
|
| 700 | 1 |
_a Pérez, Odallis G. _epról. _982243 |
|
| 830 |
_aUniversidad Autónoma de Santo Domingo; _lspa _n1570 _982244 |
||
| 830 |
_aEstudios Sociales; _n36 _982245 |
||
| 910 | _aMFeliz | ||
| 942 |
_2ddc _cLBS1 |
||
| 999 |
_c52316 _d52316 |
||